|
|
|
|
| LEADER |
00746nam a22002292a 4500 |
| 001 |
000375464 |
| 003 |
CZ BrMZK |
| 005 |
19980103143423.0 |
| 008 |
980103s1981 xr f cze d |
| 015 |
|
|
|a cnb000405461
|z cnb000133835
|
| 035 |
|
|
|a (OCoLC)42167362
|
| 040 |
|
|
|a BOA001
|b cze
|
| 080 |
|
|
|a 675.024(075.8)
|2 MRF
|
| 080 |
|
|
|a 675.04(075.8)
|2 MRF
|
| 100 |
1 |
|
|a Langmaier, Ferdinand
|7 jn20010309842
|
| 245 |
1 |
0 |
|a Chemie a technologie činících látek /
|c Ferdinand Langmaier
|
| 250 |
|
|
|a 1. vyd.
|
| 260 |
|
|
|a Praha :
|b SNTL-Nakladatelství technické literatury,
|c 1981
|
| 300 |
|
|
|a 104 s.
|
| 910 |
|
|
|a BOA001
|b TK-A-0206.228
|
| 990 |
|
|
|a BK
|
| 996 |
7 |
|
|b 2629976637
|c TK-A-0206.228
|l MZK
|r Sklad / do 24 hodin
|n 0
|w 000375464
|u 000010
|a 1
|e BOA001
|j MZK50
|s A
|